Famous Peggy's (Including Margaret's) Quiz Stats

 Plays Quiz not verified by Sporcle

Also try: The Road Game
Challenge
Share
Tweet
Embed
Score 0/15 Timer 10:00
0 Plays Today
Short Biography Famous Peggy % Correct
Character in Married...with ChildrenPeggy Bundy
59.7%
British Prime Minister, particularly wittyMargaret Thatcher
58.1%
Character in King of the HillPeggy Hill
53.2%
American figure skater, won gold medal in 1968Peggy Fleming
51.6%
American jazz singer Peggy Lee
48.4%
American anthropologist, champion of the Sexual RevolutionMargaret Mead
32.3%
Ronald Regan's speech writerPeggy Noonan
29%
Australian tennis player, former world number one ranked tennis playerMargaret Court
22.6%
Short Biography Famous Peggy % Correct
Canadian novelist, wrote The Edible WomanMargaret Atwood
16.1%
American pop singer, I Will Follow HimPeggy March
14.5%
British actress who played Juliet in a production of Romeo and JulietPeggy Ashcroft
12.9%
Mother Abbess in The Sound of MusicPeggy Wood
12.9%
Author of the Amelia Bedlia series of booksPeggy Parish
11.3%
Oldest surviving daughter of Henry VII Margaret Tudor
11.3%
Canadian New Democratic Party Member of ParliamentPeggy Nash
9.7%

You're not logged in!

Compare scores with friends on all Sporcle quizzes.
Join for Free
OR
Log In

You Might Also Like...

Show Comments

Extras

Created Mar 18, 2010ReportNominate
Tags:Famous Quiz, margaret

Top Quizzes Today


Score Distribution

Your Account Isn't Verified!

In order to create a playlist on Sporcle, you need to verify the email address you used during registration. Go to your Sporcle Settings to finish the process.

Report this User

Report this user for behavior that violates our Community Guidelines.

Details: